000
00259nam a2200097Ia 4500
001
1141824
005
20250827010126.0
008
250824s9999 xx 000 0 und d
245
0
_a
DÖRT YAVRU
_c
URSULA K. LE GUİN
260
_b
GÜNIŞIĞI KİTAPLIĞI YAYINLARI
999
_c
1141824
_d
1141824